[Event "ch-Kiev"]
[Site "Kiev UKR"]
[Date "2004.01.23"]
[Round "6"]
[White "Katsman,M"]
[Black "Kalinkin,B"]
[Result "1/2-1/2"]
[WhiteElo "2278"]
[BlackElo "2213"]

1.e4 c5 2.Nf3 Nc6 3.Bb5 Qb6 4.Nc3 e6 5.d3 a6 6.Bxc6 Qxc6 7.O-O d6 8.d4 Nf6
9.d5 exd5 10.exd5 Qc7 11.Re1+ Be7 12.Qe2 Bg4 13.Bg5 Bxf3 14.Qxf3 O-O 15.a4 h6
16.Bh4 Rae8 17.Re2 Bd8 18.Rae1 Rxe2 19.Rxe2 Nd7 20.Bg3 Bf6 21.Ne4 Be5 22.Bxe5 Nxe5
23.Qg3 f6 24.f4 Nd7 25.Qg6 c4 26.Ng3 Qb6+ 27.Kf1 Qxb2 28.Re7 f5 29.Qe6+ Kh8
30.Qxd7 Qc1+ 31.Re1 Qxf4+ 32.Kg1 Qd4+ 33.Kh1 Qxd5 34.Nh5 Rg8 35.Rf1 c3 36.Nf4 Qe4
37.Qxd6 Qxc2 38.Ng6+ Kh7 39.Ne7 Qe2 40.Rg1 Rf8 41.Qg6+ Kh8 42.Nxf5 Qe5 43.h3 c2
44.Nxg7 Qxg7 45.Qxc2  1/2-1/2

[Event "Winter Open"]
[Site "Belgrade SCG"]
[Date "2004.01.24"]
[Round "4"]
[White "Skare,G"]
[Black "Petrovic,ZoZ"]
[Result "1-0"]
[WhiteElo "2311"]
[BlackElo "2195"]

1.e4 c5 2.Nf3 Nc6 3.Bb5 Nf6 4.Nc3 a6 5.Bxc6 dxc6 6.h3 g6 7.d3 Bg7 8.Be3 Nd7
9.Qd2 h6 10.O-O e5 11.a3 a5 12.Nh2 b6 13.Kh1 Nf8 14.Rab1 Ne6 15.Ne2 Ba6 16.b3 Nd4
17.f4 Nxc2 18.Qxc2 Bxd3 19.Qb2 Bxb1 20.Qxb1 exf4 21.Bxf4 Qe7 22.Nf3 O-O-O
23.e5 f5 24.exf6 Bxf6 25.Ng3 g5 26.Nf5 Qe6 27.Re1 Qd5 28.Be5 Qf7 29.Nd6+ Rxd6
30.Bxd6 Qd5 31.Be5 Rf8 32.Rd1  1-0

[Event "1st WinTV Open"]
[Site "Chennai IND"]
[Date "2004.01.24"]
[Round "5"]
[White "Girinath,P"]
[Black "Iskusnyh,S"]
[Result "0-1"]
[WhiteElo "2368"]
[BlackElo "2482"]

1.e4 c5 2.Nf3 Nc6 3.Bb5 g6 4.O-O Bg7 5.Re1 Nf6 6.c3 O-O 7.h3 e5 8.d3 d6 9.Nbd2 Bd7
10.Nf1 Ne8 11.Bxc6 Bxc6 12.d4 cxd4 13.cxd4 Qb6 14.d5 Bd7 15.b3 Nf6 16.a4 Qa6
17.Ba3 Rfc8 18.N3d2 Ne8 19.Nc4 Bf8 20.Nfe3 Rc7 21.Qf3 h5 22.Qg3 Bg7 23.Nc2 Rxc4
24.bxc4 Qxc4 25.Nb4 Bxa4 26.Rac1 Qb5 27.Na2 Qa6 28.Nb4 Qb6 29.Rb1 Qd8  0-1

[Event "1st WinTV Open"]
[Site "Chennai IND"]
[Date "2004.01.24"]
[Round "5"]
[White "Vinuthna,N"]
[Black "Srinivasa Rao,M"]
[Result "0-1"]
[WhiteElo "2094"]
[BlackElo "2335"]

1.e4 c5 2.Nf3 Nc6 3.Bb5 e5 4.O-O Nge7 5.c3 d6 6.h3 a6 7.Ba4 b5 8.Bc2 g6 9.d4 cxd4
10.cxd4 Bg7 11.Be3 O-O 12.Nc3 Bb7 13.a4 b4 14.Ne2 Rc8 15.Rc1 d5 16.dxe5 Nxe5
17.Nxe5 Bxe5 18.Bd4 Qd6 19.Bxe5 Qxe5 20.exd5 Bxd5 21.Re1 Qxb2 22.Nf4 b3 23.Rxe7 bxc2
24.Qd2 Rfd8 25.Nxd5 Rxd5 26.Qf4 Qxc1+ 27.Qxc1 Rd1+ 28.Re1 Rxe1+ 29.Qxe1  0-1

[Event "IM"]
[Site "Marianske Lazne CZE"]
[Date "2004.01.24"]
[Round "1"]
[White "Hasangatin,R"]
[Black "Stolz,M"]
[Result "1/2-1/2"]
[WhiteElo "2515"]
[BlackElo "2412"]

1.e4 c5 2.Nf3 Nc6 3.Bb5 g6 4.O-O Bg7 5.Re1 e5 6.Bxc6 dxc6 7.d3 Qe7 8.a3 Nf6
9.b4 Nd7 10.bxc5 Nxc5 11.a4 Qc7 12.Nc3 O-O 13.Ba3 b6 14.a5 Rd8 15.axb6 axb6
16.Bxc5 Rxa1 17.Qxa1 bxc5 18.Nd2 Be6 19.Qa6 Bh6 20.Nc4 Bxc4 21.Qxc4 Qa5 22.Rd1 Rd4
23.Qb3 Rb4 24.Qa2 Qxa2 25.Nxa2 Rb2 26.Nc3 Rxc2 27.Na4 c4 28.dxc4 Rxc4 29.Nb6 Rxe4
30.Rd8+ Kg7 31.g3 Rb4 32.Na8 e4 33.Nc7 Kf6 34.Rd6+ Ke5 35.Rxc6 Rb1+ 36.Kg2 Rb2
37.Rc5+ Kd6 38.Rb5 Rc2 39.Ne8+ Kc6 40.Rb8 Rd2 41.Nf6 e3 42.Ng4 e2 43.Re8 Bg7
44.Ne5+ Bxe5  1/2-1/2

[Event "TCh-BEL 2003-4"]
[Site "Belgium BEL"]
[Date "2004.01.25"]
[Round "2"]
[White "Schalkx,J"]
[Black "Goossens,E"]
[Result "1/2-1/2"]
[WhiteElo "2265"]
[BlackElo "2242"]

1.e4 c5 2.Nf3 Nc6 3.Bb5 e6 4.b3 Nge7 5.Bb2 Ng6 6.O-O f6 7.d4 cxd4 8.Nxd4 Bc5
9.Nxc6 dxc6 10.Qh5 Bd4 11.c3 Be5 12.Rd1 Bd7 13.Bf1 Qa5 14.b4 Qa4 15.Nd2 Qc2
16.Nc4 O-O-O 17.Bd3 Qa4 18.g3 Bc7 19.Ne3 Kb8 20.Bc2 Qb5 21.Qh3 h5 22.c4 Qxb4
23.Rab1 Qe7 24.Rd3 Bc8 25.Rb3 h4 26.Qg2 hxg3 27.hxg3 Bb6 28.e5 Nxe5 29.Bxe5+ fxe5
30.Qe4 Qc5 31.Ng4 Rh5 32.Rf3 Rdh8 33.Kg2 Qd4 34.Re1 Ba5 35.Re2 Qa1 36.Bb1 Rh1
37.Rb3  1/2-1/2

[Event "1st WinTV Open"]
[Site "Chennai IND"]
[Date "2004.01.25"]
[Round "6"]
[White "Gopal,G"]
[Black "Vinuthna,N"]
[Result "1/2-1/2"]
[WhiteElo "2233"]
[BlackElo "2094"]

1.e4 c5 2.Nf3 Nc6 3.Bb5 g6 4.Bxc6 dxc6 5.d3 Bg7 6.Nc3 e5 7.Be3 Qe7 8.Qd2 h6
9.O-O Nf6 10.h3 Nd7 11.Nh2 Nf8 12.f4 exf4 13.Rxf4 Ne6 14.Rf2 Nd4 15.Raf1 Be6
16.Ng4 f5 17.exf5 Nxf5 18.Ne4 b6 19.Bf4 Bd4 20.Be5 Bxf2+ 21.Rxf2 Rf8 22.Ngf6+ Kd8
23.g4 Bd5 24.Qf4 Bxe4 25.Nxe4 Kd7 26.gxf5 Rxf5 27.Nf6+ Kd8 28.Qxh6 Qxe5 29.Rxf5 Qxf5
30.Qf8+ Kc7 31.Qxa8 Qxf6 32.Qxa7+ Kd6 33.Qb8+ Kd7 34.Qb7+ Kd6 35.Qxb6 Qg5+
36.Kf2 Qd2+ 37.Kf3 Qd1+ 38.Kf4 Qd2+ 39.Kg4 Qg2+ 40.Kh4 Qf2+  1/2-1/2

[Event "1st WinTV Open"]
[Site "Chennai IND"]
[Date "2004.01.25"]
[Round "6"]
[White "Prasad,D"]
[Black "Harika,D"]
[Result "1/2-1/2"]
[WhiteElo "2395"]
[BlackElo "2329"]

1.e4 c5 2.Nf3 Nc6 3.Bb5 g6 4.O-O Bg7 5.c3 Nf6 6.Re1 O-O 7.d4 d5 8.e5 Ne4
9.Nbd2 cxd4 10.cxd4 Nxd2 11.Bxd2 Qb6 12.Bxc6 bxc6 13.Bc3 c5 14.dxc5 Qxc5
15.Nd4 Qb6 16.Qd2 f6 17.exf6 Bxf6 18.Nf3 Bb7 19.Bxf6 exf6 20.Re7 Rf7 21.Rae1 Raf8
22.Nd4 Qd6 23.R7e6 Qd7 24.h4 Bc8 25.Qf4 Qc7 26.Qxc7 Rxc7 27.Rd6 Rd7 28.Rxd7 Bxd7
29.Rc1 Rb8 30.b3 Rb4 31.Rd1 Kf7 32.f3 Ke7 33.Kf2 Kd6 34.g4 Rb8 35.Re1 a6
36.Ke3 Re8+ 37.Kf2 Rb8  1/2-1/2

[Event "Open"]
[Site "Marianske Lazne CZE"]
[Date "2004.01.26"]
[Round "3"]
[White "Bielczyk,J"]
[Black "Hlavac,R"]
[Result "1-0"]
[WhiteElo "2340"]
[BlackElo "2192"]

1.e4 c5 2.Nf3 Nc6 3.Bb5 g6 4.O-O Bg7 5.c3 Nf6 6.e5 Nd5 7.d4 cxd4 8.cxd4 O-O
9.Nc3 Nxc3 10.bxc3 d5 11.exd6 Qxd6 12.a4 Na5 13.Re1 Qc7 14.Ba3 Bf6 15.Nd2 a6
16.Bd3 Re8 17.Ne4 Be6 18.Qf3 Bg7 19.Bb4 Rad8 20.Ng5 Bd5 21.Be4 e6 22.Bxd5 exd5
23.Bxa5 Rxe1+ 24.Rxe1 Qxa5 25.Qxf7+ Kh8 26.Re8+  1-0

[Event "1st WinTV Open"]
[Site "Chennai IND"]
[Date "2004.01.27"]
[Round "7"]
[White "Sangeetha,M"]
[Black "Krishna,CK"]
[Result "0-1"]
[WhiteElo "2085"]
[BlackElo "2196"]

1.e4 c5 2.Nf3 Nc6 3.Bb5 g6 4.O-O Bg7 5.c3 Nf6 6.Re1 O-O 7.h3 a6 8.Bxc6 bxc6
9.d3 d6 10.Be3 c4 11.e5 Nd5 12.exd6 Nxe3 13.Rxe3 Qxd6 14.Na3 cxd3 15.Rxd3 Qc5
16.b4 Qa7 17.Qe2 a5 18.Ne5 axb4 19.cxb4 Ba6 20.b5 cxb5 21.Nc6 Qc5 22.Nxe7+ Kh8
23.Rad1 b4 24.Qe3 Qxe3 25.Rxe3 bxa3 26.Rxa3 Bc4 27.Rxa8 Rxa8 28.f4 Bf6 29.Nc6 Rxa2
30.g4 Bb5 31.Nb4 Ra4 32.Nd5 Bd7 33.Kh2 Bc6  0-1

[Event "1st WinTV Open"]
[Site "Chennai IND"]
[Date "2004.01.27"]
[Round "8"]
[White "Das,A"]
[Black "Sharma,D"]
[Result "1/2-1/2"]
[WhiteElo "2334"]
[BlackElo "2373"]

1.e4 c5 2.Nf3 Nc6 3.Bb5 g6 4.Bxc6 dxc6 5.d3 Bg7 6.h3 e5 7.Nc3 Qe7 8.Be3 Nf6
9.Qd2 h6 10.O-O Nd7 11.Nh2 Nf8 12.f4 exf4 13.Rxf4 Ne6 14.Rff1 Nd4 15.Nd1 Be6
16.Qf2 b6 17.c3 Nb5 18.a4 Nd6 19.a5 O-O 20.Qg3 Kh7 21.Bf4 Nb5 22.Nf2 g5 23.Bd2 Nd6
24.Qf3 f5 25.exf5 Rxf5 26.Qe2 Re8 27.axb6 axb6 28.Nfg4 Rxf1+ 29.Qxf1 Bf5
30.Nf2 Bg6 31.Re1 Qd7 32.Rxe8 Nxe8 33.Qe2 Nf6 34.Nhg4 Nxg4 35.Qxg4 Qf7 36.Qd1 Qa2
37.Qc1 b5 38.Be3 Qd5 39.Qd2 c4 40.dxc4 bxc4 41.Qxd5 cxd5 42.Bd4 Bf8 43.Ng4 Bf7
44.Nf6+ Kg6 45.Nd7 Bd6 46.Ne5+ Bxe5  1/2-1/2

[Event "OSS January It"]
[Site "Oslo NOR"]
[Date "2004.01.27"]
[Round "3"]
[White "Bosiocic,Mari"]
[Black "Martinovic,Sa"]
[Result "1/2-1/2"]
[WhiteElo "2232"]
[BlackElo "2156"]

1.e4 c5 2.Nf3 Nc6 3.Bb5 g6 4.O-O Bg7 5.Nc3 e6 6.Bxc6 bxc6 7.e5 f6 8.Re1 Qc7
9.exf6 Nxf6 10.d3 O-O 11.Bg5 d6 12.Qd2 e5 13.Bh6 Nh5 14.Bxg7 Kxg7 15.Ng5 h6
16.Nge4 Be6 17.Ne2 Rae8 18.a3 Qf7 19.f3 Bd5 20.c4 Bxe4 21.dxe4 Qxc4 22.b4 Qb5
23.Rec1 cxb4 24.axb4 Qb6+ 25.Kh1 Nf6  1/2-1/2

[Event "1st WinTV Open"]
[Site "Chennai IND"]
[Date "2004.01.30"]
[Round "11"]
[White "Venkatesh,M"]
[Black "Ramesh,R"]
[Result "1/2-1/2"]
[WhiteElo "2392"]
[BlackElo "2506"]

1.e4 c5 2.Nf3 Nc6 3.Bb5 e6 4.O-O Nge7 5.c3 a6 6.Ba4 b5 7.Bc2 Bb7 8.Qe2 d5
9.e5 d4 10.Be4 Nd5 11.d3 dxc3 12.bxc3 Be7 13.c4 Nb6 14.Bf4 Rb8 15.Nbd2 Nb4
16.Rfd1 Na4 17.Nb1 Bxe4 18.dxe4 Qc7 19.a3 Nc6 20.Qc2 O-O 21.cxb5 axb5 22.Nbd2 c4
23.Nf1 Rfd8 24.Ne3 Rxd1+ 25.Qxd1 Rd8 26.Qc2 Nc5 27.Rb1 Qa5 28.h4 Nd3 29.Bg5 Bxg5
30.hxg5 Ncxe5 31.Nxe5 Nxe5 32.Qb2 Nd3 33.Qxb5 Qd2 34.Rf1 c3 35.Qa5 Nb2 36.Qc7 Rf8
37.Qc6 Nd3 38.a4 Ne1 39.Nc4 Qe2 40.Ne3 Qd2 41.Nc4 Qc1 42.Ne3 g6 43.a5 Qd2
44.Nc4 Qe2 45.Ne3 Qd2 46.Nc4 Qd1 47.Ne3  1/2-1/2

[Event "9th HIT Open"]
[Site "Nova Gorica SLO"]
[Date "2004.01.31"]
[Round "2"]
[White "Djingarova,E"]
[Black "Srebrnic,M"]
[Result "1-0"]
[WhiteElo "2344"]
[BlackElo "2225"]

1.e4 c5 2.Nf3 Nc6 3.Bb5 g6 4.c3 Nf6 5.e5 Nd5 6.d4 cxd4 7.Qb3 e6 8.cxd4 Bg7
9.O-O O-O 10.Nc3 Nxc3 11.bxc3 Na5 12.Qc2 a6 13.Bd3 d5 14.Bg5 Qc7 15.Qd2 Bd7
16.h4 Bb5 17.Bxb5 axb5 18.Bf6 Rfc8 19.h5 Qd7 20.Qf4 Qe8 21.hxg6 fxg6 22.g3 Qf8
23.Kg2 h6 24.Rh1 Rxc3 25.Rh4 Nc4 26.Rah1 Rxa2 27.g4 Rcc2 28.Rf1 b4 29.Kg3 Re2
30.Ng5 Ra3+ 31.f3 Ne3 32.Rg1 hxg5 33.Qxg5 Qf7 34.Rgh1 Rg2+ 35.Kf4 Bxf6 36.exf6 Qc7+
37.Qe5 Rxg4+ 38.fxg4 Ng2+ 39.Kg5 Qxe5+ 40.dxe5 Nxh4 41.Rxh4 b5 42.Kxg6 Ra7
43.g5 Rb7 44.Rxb4 d4 45.Rxd4 Rb8 46.f7+  1-0

[Event "9th HIT Open"]
[Site "Nova Gorica SLO"]
[Date "2004.01.31"]
[Round "2"]
[White "Jaracz,P"]
[Black "Stamenkov,V"]
[Result "1/2-1/2"]
[WhiteElo "2540"]
[BlackElo "2400"]

1.e4 c5 2.Nf3 Nc6 3.Bb5 g6 4.Bxc6 dxc6 5.d3 Bg7 6.h3 e5 7.Be3 Qe7 8.Nbd2 Nf6
9.Nc4 Nd7 10.Qd2 b6 11.Bh6 Bxh6 12.Qxh6 f6 13.Nfd2 Ba6 14.f4 Bxc4 15.Nxc4 exf4
16.Qxf4 Ne5 17.Ne3 O-O-O 18.O-O-O Rd4  1/2-1/2

[Event "OSS January It"]
[Site "Oslo NOR"]
[Date "2004.01.31"]
[Round "8"]
[White "Dannevig,O"]
[Black "Martinovic,Sa"]
[Result "0-1"]
[WhiteElo "2369"]
[BlackElo "2156"]

1.e4 c5 2.Nf3 Nc6 3.Bb5 g6 4.Bxc6 dxc6 5.d3 Bg7 6.O-O e5 7.a3 Bg4 8.b4 cxb4
9.axb4 Ne7 10.Nbd2 f5 11.Bb2 f4 12.Qb1 Bxf3 13.Nxf3 Qd6 14.Bc3 g5 15.Nxg5 Bf6
16.Nf3 Rg8 17.Qb2 Qe6 18.Ne1 Rg5 19.Kh1 Qg4 20.Rg1 Rh5 21.Nf3 Kd8 22.d4 Kd7
23.dxe5 Rg8 24.exf6 Rg6 25.Rad1+ Ke8 26.Rd3 Rgh6 27.Be5 Qxf3 28.Bxf4 Qxf4
29.h3 Qxf6 30.c3 Qe6 31.Kh2 Qe5+ 32.Kh1 Qxe4 33.Qd2 Rxh3+ 34.Rxh3 Rxh3+  0-1

[Event "1st WinTV Open"]
[Site "Chennai IND"]
[Date "2004.02.01"]
[Round "13"]
[White "Dzhumaev,M"]
[Black "Konguvel,P"]
[Result "1/2-1/2"]
[WhiteElo "2498"]
[BlackElo "2366"]

1.e4 c5 2.Nf3 Nc6 3.Bb5 g6 4.O-O Bg7 5.c3 Nf6 6.Re1 O-O 7.e5 Nd5 8.d4 cxd4
9.cxd4 d6 10.Nc3 Nxc3 11.bxc3 a6 12.Bxc6 bxc6 13.exd6 exd6 14.Qa4 Bd7 15.Bg5 Qc7
16.Qa3 Be6 17.Bf4 c5 18.Rac1 Rfe8 19.Qa4 Rec8 20.Be3 Bd5 21.Nd2 cxd4 22.Bxd4 Qc6
23.Qxc6 Rxc6 24.Bxg7 Kxg7 25.Rc2 Rb8 26.f3 a5 27.Kf2 a4 28.Ke3 h5 29.Kd4 Be6
30.c4 d5 31.Kc3 Bf5 32.Rcc1 dxc4 33.Ne4 a3 34.Rb1 Rcb6 35.Rxb6 Rxb6 36.Re2 Bxe4
37.fxe4 Kf6 38.Kd4  1/2-1/2

[Event "75th ch-GER"]
[Site "Hoeckendorf GER"]
[Date "2004.02.03"]
[Round "5"]
[White "Bauer,E"]
[Black "Dausch,R"]
[Result "1/2-1/2"]
[WhiteElo "2276"]
[BlackElo "2331"]

1.Nf3 c5 2.e4 Nc6 3.Bb5 g6 4.O-O Bg7 5.Re1 Nf6 6.c3 O-O 7.d4 d5 8.exd5 Qxd5
9.dxc5 Qxc5 10.Na3 Bg4 11.Be3 Qf5 12.Bxc6 bxc6 13.Nd4 Qd5 14.f3 Bd7 15.Nb3 Qxd1
16.Raxd1  1/2-1/2

[Event "75th ch-GER"]
[Site "Hoeckendorf GER"]
[Date "2004.02.03"]
[Round "6"]
[White "Gutman,L"]
[Black "Schulz,M1"]
[Result "1-0"]
[WhiteElo "2497"]
[BlackElo "2246"]

1.Nf3 c5 2.e4 Nc6 3.Bb5 g6 4.O-O Bg7 5.Re1 Nf6 6.e5 Nd5 7.Nc3 Nc7 8.Bf1 O-O
9.d3 b6 10.g3 Bb7 11.Bg2 Nd4 12.Nxd4 Bxg2 13.Nf5 gxf5 14.Kxg2 Ne6 15.Nd5 d6
16.Ne3 dxe5 17.Nxf5 Qd5+ 18.Re4 Bf6 19.Bh6 Kh8 20.Bxf8 Rxf8 21.h4 Rg8 22.Kh2 Rg6
23.Qf3 Nd8 24.Ne3 Qb7 25.c3 e6 26.Kg2 Bg7 27.Rg4 Qd7 28.Rxg6 hxg6 29.h5 gxh5
30.Qxh5+ Kg8 31.Rh1 f5 32.Qg6 Qb7+ 33.Kg1 Qf7 34.Qxf7+ Kxf7 35.Kf1 b5 36.a4 f4
37.gxf4 exf4 38.Ng2 b4 39.Nxf4 bxc3 40.bxc3 Bxc3 41.Rh7+  1-0

[Event "9th HIT Open"]
[Site "Nova Gorica SLO"]
[Date "2004.02.05"]
[Round "9"]
[White "Padjen,Z"]
[Black "Srebrnic,M"]
[Result "0-1"]
[WhiteElo "2122"]
[BlackElo "2225"]

1.e4 c5 2.Nf3 Nc6 3.Bb5 g6 4.Bxc6 dxc6 5.h3 Bg7 6.d3 e5 7.O-O Qe7 8.Bg5 f6
9.Be3 Nh6 10.Nbd2 Nf7 11.a4 Nd8 12.Nb3 Ne6 13.Qd2 O-O 14.Na5 b6 15.Nc4 Rd8
16.Rfb1 Ba6 17.b3 Rd7 18.Kh2 Rad8 19.Qe1 Bf8 20.Bd2 h5 21.g3 Qh7 22.Kg2 h4
23.Nxh4 Nd4 24.Qd1 Bh6 25.Bxh6 Qxh6 26.Ne3 Nxc2 27.Ng4 Qg7 28.Qxc2 Bxd3 29.Qc1 Bxe4+
30.Nf3 f5 31.Ne3 Bxb1 32.Qc4+ Kh8 33.Rxb1 e4 34.Ng5 Qf6 35.h4 Re8 36.Rd1 Rd4
37.Qa6 Qe7 38.Qe2 Red8 39.Qb2 Kg8 40.Rc1 Qd6 41.Nc4 Qd5 42.Ne3 Qd7 43.Nh3 Qd6
44.Nf4 Rd2 45.Rc2 Rd4 46.h5 g5 47.Nxf5 Qf6 48.Nxd4 gxf4 49.gxf4 cxd4 50.b4 Qe6
51.Qa2 Qxa2 52.Rxa2 c5  0-1

[Event "75th ch-GER"]
[Site "Hoeckendorf GER"]
[Date "2004.02.06"]
[Round "8"]
[White "Rabiega,R"]
[Black "Schebler,G"]
[Result "1-0"]
[WhiteElo "2527"]
[BlackElo "2480"]

1.e4 c5 2.Nf3 Nc6 3.Bb5 Nf6 4.Bxc6 dxc6 5.d3 g6 6.h3 Bg7 7.Nc3 e5 8.Nxe5 Nxe4
9.Nxe4 Bxe5 10.O-O c4 11.Re1 Be6 12.Bg5 Qd4 13.Qf3 h6 14.c3 Qxd3 15.Re3 Qc2
16.Nf6+ Kd8 17.Bh4 g5 18.Rxe5 gxh4 19.Ne4 Kc7 20.Qf4 Kb6 21.Qe3+ Kc7 22.Qf4 Kb6
23.a4 a5 24.Qe3+ Kc7 25.Qf4 Kb6 26.Rb5+ cxb5 27.Qd6+ Ka7 28.axb5 a4 29.Qc5+ Kb8
30.Qd6+ Ka7 31.Qc5+ Kb8 32.b6  1-0

[Event "IV Comunic Masters"]
[Site "Sao Paulo BRA"]
[Date "2004.02.06"]
[Round "4"]
[White "Benares,R"]
[Black "Tsuboi,E"]
[Result "0-1"]
[WhiteElo "2298"]
[BlackElo "2344"]

1.e4 c5 2.Nf3 Nc6 3.Bb5 g6 4.Bxc6 bxc6 5.O-O Bg7 6.c3 Nh6 7.h3 O-O 8.Re1 f6
9.d4 cxd4 10.cxd4 d6 11.b3 Nf7 12.Bb2 e5 13.Nbd2 Re8 14.Rc1 Bb7 15.dxe5 fxe5
16.Nc4 Rc8 17.b4 Ba8 18.h4 Re6 19.Qb3 Qe7 20.Rcd1 Kh8 21.Bc1 d5 22.Ne3 dxe4
23.Ng5 Nxg5 24.hxg5 c5 25.bxc5 Rec6 26.Ba3 R6c7 27.Nd5 Bxd5 28.Qxd5 Qxg5
29.Rxe4 Bf6 30.Rc4 Rd8 31.Qf3 Rxd1+ 32.Qxd1 Qf5 33.c6 Kg7 34.Bd6 Rc8 35.c7 Qe6
36.Qd3 e4 37.Qxe4 Qxd6 38.Qb7 Qd1+ 39.Kh2 Qh5+ 40.Kg1 Qd1+ 41.Kh2 Qd7 42.g3 Be5
43.Kg2 Rxc7  0-1

[Event "AS04 Centenary"]
[Site "Copenhagen DEN"]
[Date "2004.02.07"]
[Round "1"]
[White "Mortensen,E"]
[Black "Christensen,R"]
[Result "1-0"]
[WhiteElo "2450"]
[BlackElo "1994"]

1.e4 c5 2.Nf3 Nc6 3.Bb5 g6 4.O-O Bg7 5.c3 d6 6.d4 cxd4 7.cxd4 Bd7 8.Nc3 a6
9.Be2 Rc8 10.Be3 Bg4 11.d5 Bxf3 12.gxf3 Nb8 13.Qb3 b5 14.a4 Nf6 15.axb5 axb5
16.Nxb5 Nbd7 17.Na7 Rb8 18.Qc2 Ra8 19.Nc6 Qc8 20.Rfb1 Nh5 21.f4 Bf6 22.Bg4 Qb7
23.Qb3  1-0

[Event "TCh-CZE Extraliga 2003-4"]
[Site "Czech Rep CZE"]
[Date "2004.02.07"]
[Round "6"]
[White "Movsesian,S"]
[Black "Jirovsky,M"]
[Result "1-0"]
[WhiteElo "2639"]
[BlackElo "2526"]

1.e4 c5 2.Nf3 Nc6 3.Bb5 g6 4.O-O Bg7 5.c3 Nf6 6.Re1 O-O 7.h3 e5 8.a3 a6 9.Bxc6 dxc6
10.d3 Re8 11.Qc2 a5 12.Nbd2 Nh5 13.Nf1 Nf4 14.d4 cxd4 15.cxd4 Ne6 16.dxe5 Nd4
17.Nxd4 Qxd4 18.Nd2 Rxe5 19.Nc4 Re8 20.Be3 Qf6 21.Rad1 Be6 22.Nd6 Red8 23.Bd4 Qe7
24.e5 a4 25.Qc3 Bd5 26.Qg3 Rd7 27.f4 Qe6 28.Kh2 h6 29.Bc3 Kh7 30.Rd4 Bf8
31.Rd2 f5 32.Qf2 Be7 33.Red1 Bb3 34.Rg1 Rg8 35.g4 Bd5 36.gxf5 gxf5 37.Rxg8 Kxg8
38.Rd1 Kh7 39.Rg1 Bf8 40.Qc2 Bb3 41.Qd3 b5 42.h4 Bxd6 43.exd6 Qe4 44.Qxe4 fxe4
45.f5 e3 46.Be5 e2 47.Kg3 Rf7 48.f6 Kg6 49.Kf2+ Kf5 50.Rg7 Rf8 51.Re7 Bc4
52.d7 Be6 53.Re8 Bxd7 54.Rxf8 Kxe5 55.f7 Ke6 56.Rd8 Bc8 57.f8=Q  1-0

[Event "TCh-CZE Extraliga 2003-4"]
[Site "Czech Rep CZE"]
[Date "2004.02.07"]
[Round "6"]
[White "Velicka,P"]
[Black "Zezulkin,J"]
[Result "1/2-1/2"]
[WhiteElo "2458"]
[BlackElo "2548"]

1.e4 c5 2.Nf3 Nc6 3.Bb5 g6 4.Bxc6 bxc6 5.O-O Bg7 6.Re1 Nh6 7.c3 O-O 8.h3 e5
9.d4 exd4 10.cxd4 d5 11.exd5 Qxd5 12.Nc3 Qc4 13.dxc5 Be6 14.Bxh6 Bxh6 15.Qd4 Qxd4
16.Nxd4 Rab8 17.Rab1 Bd2 18.Red1 Bxc3 19.bxc3 Rxb1 20.Rxb1 Bxa2 21.Ra1 Bd5
22.Rxa7 Rb8 23.Ra1 Kf8 24.Rc1 Rd8 25.f3 Bc4 26.Ra1 Bd5 27.Ra6 Rb8 28.Rb6 Ra8
29.Nxc6 Bxc6 30.Rxc6 Ra3 31.Rb6 Rxc3 32.c6 Ke7 33.Rb7+ Ke6 34.c7 Rc2 35.Kh2 h5
36.h4 Kf6 37.Kg3 Kf5 38.Ra7 Ke5 39.Kh3 Kf4 40.Rb7 Rc1 41.Kh2 Rc2 42.c8=Q Rxc8
43.Rxf7+ Ke5 44.g4 Ke6 45.Rf4 Ke5 46.Kg3 Rc1 47.Re4+ Kf6 48.g5+ Kf7 49.Ra4 Rh1
50.Ra7+ Kg8 51.Rd7 Kf8 52.Rc7 Kg8 53.Re7 Kf8 54.Ra7 Kg8 55.Re7 Kf8 56.Rh7 Kg8
57.Rd7 Kf8 58.Ra7  1/2-1/2

[Event "75th ch-GER"]
[Site "Hoeckendorf GER"]
[Date "2004.02.07"]
[Round "9"]
[White "Schurade,M"]
[Black "Enders,P"]
[Result "1/2-1/2"]
[WhiteElo "2370"]
[BlackElo "2478"]

1.e4 c5 2.Nf3 Nc6 3.Bb5 g6 4.O-O Bg7 5.Re1 e5 6.b4 Nxb4 7.Ba3 a6 8.c3 Nc6
9.Bxc6 bxc6 10.Bxc5 d6 11.Ba3 Bg4 12.h3 Bxf3 13.Qxf3 Ne7 14.d4 exd4 15.e5 dxe5
16.cxd4 O-O 17.Nd2 Re8 18.Nc4 e4 19.Qxe4 Nf5 20.Qxc6 Nxd4 21.Rxe8+ Qxe8 22.Qxe8+ Rxe8
23.Rb1 Nb5 24.Bb4 Re2 25.Rd1 h5 26.a4 Nd4 27.Bc5 Ne6 28.Be3 Ra2 29.Nb6 Bc3
30.g3 Ba5 31.Nd7 Rxa4 32.Rd6 Bc3 33.Nc5 Nxc5 34.Bxc5 Rc4 35.Be3 a5 36.Ra6 a4
37.Kf1 Bd4 38.Bxd4 Rxd4 39.Ke2 h4 40.Ke3 hxg3 41.fxg3 Rb4 42.h4 Kg7 43.Kf3 Rb3+
44.Kf4 Ra3 45.Ra7 Ra1 46.Kf3 a3 47.Kg2 a2 48.Ra6 Kf8 49.Ra8+ Ke7 50.Ra7+ Ke6
51.Ra5 Kd6 52.Ra6+ Kd5 53.Ra5+ Kc4 54.Ra8  1/2-1/2

[Event "IV Comunic Masters"]
[Site "Sao Paulo BRA"]
[Date "2004.02.07"]
[Round "6"]
[White "Dumont,S"]
[Black "Tsuboi,E"]
[Result "1/2-1/2"]
[WhiteElo "2341"]
[BlackElo "2344"]

1.e4 c5 2.Nf3 Nc6 3.Bb5 g6 4.O-O Bg7 5.c3 Nf6 6.e5 Nd5 7.d4 cxd4 8.cxd4 O-O
9.Nc3 Nxc3 10.bxc3 d6 11.exd6 Qxd6 12.a4 Bg4 13.Ba3 Qc7 14.Re1 Bf6 15.h3 Bxf3
16.Qxf3 Kg7 17.Re4 a6 18.Bxc6 bxc6 19.Rae1 Rfe8 20.h4 h5 21.Bc1 Qd7 22.Ba3 Qc7
23.Qe2 e6 24.Qf3 Be7 25.Bc1 Rad8 26.c4 Bf6 27.Bh6+ Kxh6 28.Qxf6 Qe7 29.Qf3 Kg7
30.Rf4 Qc7 31.g3 Rd7 32.Qc3 Kg8 33.Re5 Qb6 34.a5 Qb1+ 35.Re1 Qb8 36.Qf3 Qc7
37.Qc3 Rb8  1/2-1/2

[Event "TCh-CZE Extraliga 2003-4"]
[Site "Czech Rep CZE"]
[Date "2004.02.08"]
[Round "7"]
[White "Lipka,J"]
[Black "Prymula,R"]
[Result "1/2-1/2"]
[WhiteElo "2417"]
[BlackElo "2305"]

1.e4 c5 2.Nf3 Nc6 3.Bb5 g6 4.Bxc6 dxc6 5.d3 Bg7 6.h3 b6 7.a4 a5 8.Na3 Ba6
9.O-O Qc7 10.Nc4 Bxc4 11.dxc4 e6 12.Ra3 Nf6 13.Qe2 e5 14.Rd3 h6 15.Rfd1 Ke7
16.b3 Rhd8 17.Bb2 Rxd3 18.cxd3 Nd7 19.Ne1 Rg8 20.g3 Nf8 21.Ng2 Ne6 22.Rf1 Qd7
23.h4 Rd8 24.Rd1  1/2-1/2

[Event "TCh-CZE Extraliga 2003-4"]
[Site "Czech Rep CZE"]
[Date "2004.02.08"]
[Round "7"]
[White "Klima,L"]
[Black "Sluka,R"]
[Result "0-1"]
[WhiteElo "2431"]
[BlackElo "2371"]

1.e4 c5 2.Nf3 Nc6 3.Bb5 e6 4.b3 Nd4 5.Nxd4 cxd4 6.O-O a6 7.Bd3 Ne7 8.c3 dxc3
9.Nxc3 Ng6 10.f4 Be7 11.Bb2 O-O 12.Qh5 f6 13.Rf3 Rf7 14.Raf1 b5 15.Bb1 b4
16.Ne2 Nf8 17.Rg3 a5 18.Rc1 Bb7 19.Nd4 Qb8 20.e5 f5 21.Bxf5 exf5 22.Nxf5 Qa7+
23.d4 Ng6 24.Rc7 Raf8 25.Rh3 Bh4 26.Rxh4 Nxh4 27.Nxh4 Qb6 28.Rc5 Rxf4 29.h3 d6
30.exd6 Qxd6 31.Re5 Qf6 32.Kh2  0-1

[Event "AS04 Centenary"]
[Site "Copenhagen DEN"]
[Date "2004.02.09"]
[Round "3"]
[White "Mortensen,E"]
[Black "Nielsen,Ni"]
[Result "1-0"]
[WhiteElo "2450"]
[BlackElo "2105"]

1.e4 c5 2.Nf3 Nc6 3.Bb5 g6 4.O-O Bg7 5.c3 Nf6 6.Re1 O-O 7.h3 e5 8.d4 cxd4
9.cxd4 exd4 10.e5 Ne8 11.Bg5 f6 12.exf6 Bxf6 13.Bxf6 Qxf6 14.Qb3+ Kg7 15.Nbd2 d5
16.Qxd5 Bf5 17.Bxc6 Rd8 18.Qc5 bxc6 19.Re7+ Rf7 20.Rae1 Rd5 21.Qxa7 Nd6 22.Rxf7+ Nxf7
23.Qe7 c5 24.a4 Bd3 25.b3 Bc2 26.Qxf6+ Kxf6 27.Rc1 d3 28.Ne1 Re5 29.Nxc2 Re2
30.Ne3 Rxd2 31.Rxc5 Rb2 32.Rc3 d2 33.Rd3 Ne5 34.Rd5 Rb1+ 35.Kh2 Rxb3 36.Rxd2 Ra3
37.Rd4 Nd3 38.f4 Nc5 39.Nd5+ Ke6 40.Nb6 Rb3 41.a5 Ra3 42.Rd6+ Ke7 43.Rc6 Rxa5
44.Rc7+ Ke6 45.Rxh7 Ra6 46.Rc7 Nd3 47.Rc6+ Kf5 48.g4+ Ke4 49.Kg3 Nxf4 50.Rc4+ Ke3
51.Rxf4 Rxb6 52.g5 Rb8 53.Kg4 Re8 54.h4 Rg8 55.Ra4 Rh8 56.Ra6 Rg8 57.Re6+ Kd4
58.h5 Kd5 59.Rxg6 Rxg6 60.hxg6 Ke6 61.Kh5 Ke7 62.Kh6 Kf8 63.Kh7  1-0

[Event "IV Comunic Masters"]
[Site "Sao Paulo BRA"]
[Date "2004.02.10"]
[Round "9"]
[White "Benares,R"]
[Black "Cruz,A BOL"]
[Result "1-0"]
[WhiteElo "2298"]
[BlackElo "2244"]

1.e4 c5 2.Nf3 Nc6 3.Bb5 e6 4.O-O Nge7 5.Re1 a6 6.Bf1 d6 7.c3 h6 8.d4 cxd4
9.cxd4 d5 10.Nc3 g6 11.Bf4 Bg7 12.Qd2 Kf8 13.Rac1 b5 14.Ne5 Bb7 15.exd5 Nxe5
16.dxe5 Bxd5 17.Bd3 g5 18.Bg3 Bc4 19.Rcd1 Qxd3 20.Qxd3 Bxd3 21.Rxd3 b4 22.Ne4 Nd5
23.Rc1 Ke7 24.Nd6 Rhd8 25.Kf1 f5 26.Rxd5 f4 27.Rc7+ Kf8 28.Bxf4 exd5 29.Bg3 Kg8
30.Nf5 Bf8 31.e6 Re8 32.e7 Bg7 33.Nd6 Bxb2 34.Nxe8 Rxe8 35.Bd6 a5 36.Ra7 Bc3
37.Ke2 Kf7 38.Kd3 Be1 39.Rxa5 b3 40.Ra3 bxa2 41.Rxa2 Rc8 42.Re2 Ba5 43.Kd4 Bc3+
44.Kxd5 Bf6 45.Re3 Re8 46.Rf3 g4 47.Rf4 Rg8 48.Be5 Rg5 49.Rxf6+ Kxe7 50.Rxh6 Rf5
51.Rh7+ Ke8 52.Ke6 Rxf2 53.Rh8+  1-0

[Event "AS04 Centenary"]
[Site "Copenhagen DEN"]
[Date "2004.02.11"]
[Round "5"]
[White "Mortensen,E"]
[Black "Paaske,A"]
[Result "1-0"]
[WhiteElo "2450"]
[BlackElo "2165"]

1.e4 c5 2.Nf3 Nc6 3.Bb5 Nf6 4.Qe2 Qc7 5.O-O a6 6.Bxc6 Qxc6 7.Nc3 e6 8.d4 cxd4
9.Nxd4 Qc7 10.e5 Nd5 11.Nxd5 exd5 12.Bf4 Qc4 13.Qd2 Bc5 14.Nf5 O-O 15.Nxg7 Qe4
16.Nh5 Be7 17.Bg5  1-0